<?xml version="1.0" encoding="UTF-8"?>
<record
    xmlns:xsi="http://www.w3.org/2001/XMLSchema-instance"
    xsi:schemaLocation="http://www.loc.gov/MARC21/slim http://www.loc.gov/standards/marcxml/schema/MARC21slim.xsd"
    xmlns="http://www.loc.gov/MARC21/slim">

  <leader>03459njm a2200553Ia 4500</leader>
  <controlfield tag="001">24666</controlfield>
  <controlfield tag="003">IT-RoPAU</controlfield>
  <controlfield tag="005">20220918181118.0</controlfield>
  <controlfield tag="008">131025s9999    xx            000 0 und d</controlfield>
  <datafield tag="040" ind1=" " ind2=" ">
    <subfield code="a">IT-RoPAU</subfield>
  </datafield>
  <datafield tag="040" ind1=" " ind2=" ">
    <subfield code="c">IT-RoPAU</subfield>
  </datafield>
  <datafield tag="999" ind1=" " ind2=" ">
    <subfield code="c">99545</subfield>
    <subfield code="d">99545</subfield>
  </datafield>
  <datafield tag="999" ind1=" " ind2=" ">
    <subfield code="b">n.d.</subfield>
  </datafield>
  <datafield tag="100" ind1=" " ind2=" ">
    <subfield code="a">AA.VV.</subfield>
    <subfield code="9">794</subfield>
  </datafield>
  <datafield tag="100" ind1=" " ind2=" ">
    <subfield code="e">Autore musica</subfield>
    <subfield code="9">11499</subfield>
  </datafield>
  <datafield tag="100" ind1=" " ind2=" ">
    <subfield code="g">Codice autore musica SPICS: 12000</subfield>
    <subfield code="9">796</subfield>
  </datafield>
  <datafield tag="245" ind1=" " ind2=" ">
    <subfield code="a">Percussion in the Sky</subfield>
  </datafield>
  <datafield tag="250" ind1=" " ind2=" ">
    <subfield code="a">1a ed.</subfield>
  </datafield>
  <datafield tag="260" ind1=" " ind2=" ">
    <subfield code="a">ROMA</subfield>
  </datafield>
  <datafield tag="260" ind1=" " ind2=" ">
    <subfield code="b">RCA (RADIO CORP. AMERICA)</subfield>
    <subfield code="c">1961 [1a Ed.:1961]</subfield>
  </datafield>
  <datafield tag="300" ind1=" " ind2=" ">
    <subfield code="a">DISCO</subfield>
  </datafield>
  <datafield tag="500" ind1=" " ind2=" ">
    <subfield code="a">Musica strumentale. Percussioni</subfield>
  </datafield>
  <datafield tag="505" ind1=" " ind2=" ">
    <subfield code="a">You Are My Lucky Star - The High and the Mighty - Don't Let the Stars Get in Your Eyes - I Got the Sun in the Morning - Blue Moon - Look For a Star - Moonlight Becomes You - Over the Rainbow - I'm Sitting On Top of the World - The Moon Was Yellow - Stairway To the Stars - When You Wish Upon A Star</subfield>
  </datafield>
  <datafield tag="511" ind1=" " ind2=" ">
    <subfield code="a">Werner Muller e la Sua Orchestra</subfield>
  </datafield>
  <datafield tag="650" ind1=" " ind2=" ">
    <subfield code="a">STRUMENTALE [DISCHI]</subfield>
    <subfield code="e">Codice MATERIA SPICS: 9950</subfield>
    <subfield code="9">828</subfield>
  </datafield>
  <datafield tag="700" ind1=" " ind2=" ">
    <subfield code="a">Muller Werner</subfield>
    <subfield code="g">Codice interprete SPICS: 9667</subfield>
    <subfield code="e">Interprete</subfield>
    <subfield code="9">11500</subfield>
  </datafield>
  <datafield tag="700" ind1=" " ind2=" ">
    <subfield code="a">Freed Arthur</subfield>
    <subfield code="g">Codice autore musica SPICS: 15706</subfield>
    <subfield code="e">Autore musica</subfield>
    <subfield code="p">You Are My Lucky Star</subfield>
    <subfield code="9">11501</subfield>
  </datafield>
  <datafield tag="700" ind1=" " ind2=" ">
    <subfield code="a">Brown</subfield>
    <subfield code="g">Codice autore SPICS: 20445</subfield>
    <subfield code="e">Autore</subfield>
    <subfield code="p">You Are My Lucky Star</subfield>
    <subfield code="9">11502</subfield>
  </datafield>
  <datafield tag="700" ind1=" " ind2=" ">
    <subfield code="a">Tiomkin Dimitri</subfield>
    <subfield code="g">Codice autore musica SPICS: 11173</subfield>
    <subfield code="e">Autore musica</subfield>
    <subfield code="p">The High and the Mighty</subfield>
    <subfield code="9">11503</subfield>
  </datafield>
  <datafield tag="700" ind1=" " ind2=" ">
    <subfield code="a">Washington Grover</subfield>
    <subfield code="g">Codice autore SPICS: 11616</subfield>
    <subfield code="e">Autore</subfield>
    <subfield code="p">The High and the Mighty - When You Wish Upon a Star</subfield>
    <subfield code="9">11504</subfield>
  </datafield>
  <datafield tag="700" ind1=" " ind2=" ">
    <subfield code="a">Willett Chappy</subfield>
    <subfield code="g">Codice autore musica SPICS: 15742</subfield>
    <subfield code="e">Autore musica</subfield>
    <subfield code="p">Don't Let the Stars Get in Your Eyes</subfield>
    <subfield code="9">11505</subfield>
  </datafield>
  <datafield tag="700" ind1=" " ind2=" ">
    <subfield code="a">Berlin Irving</subfield>
    <subfield code="g">Codice autore musica SPICS: 14042</subfield>
    <subfield code="e">Autore musica</subfield>
    <subfield code="p">I Got the Sun in the Morning</subfield>
    <subfield code="9">11506</subfield>
  </datafield>
  <datafield tag="700" ind1=" " ind2=" ">
    <subfield code="a">Rodgers Richard</subfield>
    <subfield code="g">Codice autore musica SPICS: 11120</subfield>
    <subfield code="e">Autore musica</subfield>
    <subfield code="p">Blue Moon</subfield>
    <subfield code="9">11507</subfield>
  </datafield>
  <datafield tag="700" ind1=" " ind2=" ">
    <subfield code="a">Hart Lorenz</subfield>
    <subfield code="g">Codice autore SPICS: 10738</subfield>
    <subfield code="e">Autore</subfield>
    <subfield code="p">Blue Moon</subfield>
    <subfield code="9">11508</subfield>
  </datafield>
  <datafield tag="700" ind1=" " ind2=" ">
    <subfield code="a">Anthony Little</subfield>
    <subfield code="g">Codice autore musica SPICS: 13120</subfield>
    <subfield code="e">Autore musica</subfield>
    <subfield code="p">Look For a Star</subfield>
    <subfield code="9">11509</subfield>
  </datafield>
  <datafield tag="700" ind1=" " ind2=" ">
    <subfield code="a">Burke Johnny</subfield>
    <subfield code="g">Codice autore musica SPICS: 15743</subfield>
    <subfield code="e">Autore musica</subfield>
    <subfield code="p">Moonlight Becomes You</subfield>
    <subfield code="9">11510</subfield>
  </datafield>
  <datafield tag="700" ind1=" " ind2=" ">
    <subfield code="a">Van Heusen Jimmy</subfield>
    <subfield code="g">Codice autore SPICS: 15744</subfield>
    <subfield code="e">Autore</subfield>
    <subfield code="p">Moonlight Becomes You</subfield>
    <subfield code="9">11511</subfield>
  </datafield>
  <datafield tag="700" ind1=" " ind2=" ">
    <subfield code="a">Arlen Harold</subfield>
    <subfield code="g">Codice autore musica SPICS: 13025</subfield>
    <subfield code="e">Autore musica</subfield>
    <subfield code="p">Over the Rainbow</subfield>
    <subfield code="9">11512</subfield>
  </datafield>
  <datafield tag="700" ind1=" " ind2=" ">
    <subfield code="a">Harburg E. Y.</subfield>
    <subfield code="g">Codice autore SPICS: 15671</subfield>
    <subfield code="e">Autore</subfield>
    <subfield code="p">Over the Rainbow</subfield>
    <subfield code="9">11513</subfield>
  </datafield>
  <datafield tag="700" ind1=" " ind2=" ">
    <subfield code="a">Henderson</subfield>
    <subfield code="g">Codice autore musica SPICS: 20496</subfield>
    <subfield code="e">Autore musica</subfield>
    <subfield code="p">I'm Sitting On Top of the World</subfield>
    <subfield code="9">11514</subfield>
  </datafield>
  <datafield tag="700" ind1=" " ind2=" ">
    <subfield code="a">Young Paul</subfield>
    <subfield code="g">Codice autore SPICS: 10129</subfield>
    <subfield code="e">Autore</subfield>
    <subfield code="p">I'm Sitting On Top of the World</subfield>
    <subfield code="9">11515</subfield>
  </datafield>
  <datafield tag="700" ind1=" " ind2=" ">
    <subfield code="a">Lewis M.</subfield>
    <subfield code="g">Codice autore testo/musica SPICS: 20173</subfield>
    <subfield code="e">Autore testo/musica</subfield>
    <subfield code="p">I'm Sitting On Top of the World</subfield>
    <subfield code="9">11516</subfield>
  </datafield>
  <datafield tag="700" ind1=" " ind2=" ">
    <subfield code="a">Ahlert R.</subfield>
    <subfield code="g">Codice autore musica SPICS: 15745</subfield>
    <subfield code="e">Autore musica</subfield>
    <subfield code="p">The Moon Was Yellow</subfield>
    <subfield code="9">11517</subfield>
  </datafield>
  <datafield tag="700" ind1=" " ind2=" ">
    <subfield code="a">Leslie</subfield>
    <subfield code="g">Codice autore SPICS: 15746</subfield>
    <subfield code="e">Autore</subfield>
    <subfield code="p">The Moon Was Yellow</subfield>
    <subfield code="9">11518</subfield>
  </datafield>
  <datafield tag="700" ind1=" " ind2=" ">
    <subfield code="a">Signorelli</subfield>
    <subfield code="g">Codice autore musica SPICS: 15747</subfield>
    <subfield code="e">Autore musica</subfield>
    <subfield code="p">Stairway To the Stars</subfield>
    <subfield code="9">11519</subfield>
  </datafield>
  <datafield tag="700" ind1=" " ind2=" ">
    <subfield code="a">Malneck</subfield>
    <subfield code="g">Codice autore SPICS: 15748</subfield>
    <subfield code="e">Autore</subfield>
    <subfield code="p">Stairway To the Stars</subfield>
    <subfield code="9">11520</subfield>
  </datafield>
  <datafield tag="700" ind1=" " ind2=" ">
    <subfield code="a">Parish Mitchell</subfield>
    <subfield code="g">Codice autore testo/musica SPICS: 23767</subfield>
    <subfield code="e">Autore testo/musica</subfield>
    <subfield code="p">Stairway To the Stars</subfield>
    <subfield code="9">11521</subfield>
  </datafield>
  <datafield tag="700" ind1=" " ind2=" ">
    <subfield code="a">Harline</subfield>
    <subfield code="g">Codice autore musica SPICS: 15749</subfield>
    <subfield code="e">Autore musica</subfield>
    <subfield code="p">When You Wish Upon A Star</subfield>
    <subfield code="9">11522</subfield>
  </datafield>
  <datafield tag="942" ind1=" " ind2=" ">
    <subfield code="c">MD</subfield>
    <subfield code="2">ddc</subfield>
  </datafield>
  <datafield tag="952" ind1=" " ind2=" ">
    <subfield code="0">0</subfield>
    <subfield code="1">0</subfield>
    <subfield code="4">0</subfield>
    <subfield code="6">24666_000000000000000</subfield>
    <subfield code="7">1</subfield>
    <subfield code="a">SPICS</subfield>
    <subfield code="b">SPICS</subfield>
    <subfield code="d">2013-10-25</subfield>
    <subfield code="l">0</subfield>
    <subfield code="o">24666</subfield>
    <subfield code="r">2013-10-25 00:00:00</subfield>
    <subfield code="w">2013-10-25</subfield>
    <subfield code="y">MD</subfield>
    <subfield code="z">Progr. Ins.: 5361 / N.Vol.: 1 / Copie: 1 - Copia rara: n.d. / date import: 01.01.2014 - By Epidotti, Trombetti, Vaglietti</subfield>
  </datafield>
</record>
